000 00689nam a2200169Ia 4500
008 090711s9999 xx 000 0 und d
082 _b50915
100 _aहिवराळे सुखराम
245 _aलोकपत्रकार डॉ. बाबासाहेंब आंबेडकर
260 _c1985
300 _a153
600 _aहिवराळे सुखराम
630 _aलोकपत्रकार डॉ. बाबासाहेंब आंबेडकर
700 _aहिवराळे सुखराम
730 _aलोकपत्रकार डॉ. बाबासाहेंब आंबेडकर
942 _cBOOK
999 _c315437
_d315437